000 00491nam a2200169 a 4500
005 20210223125417.0
008 040811s1997 mx r 000 0 spa d
035 _aUPN01000134191
049 _aCG
050 4 _aKGF2817
_bP3.2
100 1 _aPaganoni O'Donohoe, Francisco Raúl
245 1 3 _aEl arbitraje en México /
_cFrancisco Raúl Paganoni O'Donohoe.
260 _aPuebla :
_bOGS,
_c1997.
300 _a161 p.
650 4 _aARBITRAJE Y ADJUDICACION -
_zMEXICO
_919101
905 _aLibro
999 _c106342
_d106342